[Event "Blitz 2018"]
[Site "Saint-Petersburg"]
[Date "2018.12.30"]
[Round "15"]
[Board "14"]
[White "Zubov Alexander (UKR)"]
[Black "Predke Alexandr (RUS)"]
[Result "1/2-1/2"]
[LiveChessVersion "1.4.8"]
[BlackElo "2482"]
[WhiteElo "2729"]

1. d4 {[%clk 0:03:03]} d5 {[%clk 0:03:03]} 2. c4 {[%clk 0:03:03]} dxc4
{[%clk 0:03:04]} 3. Nf3 {[%clk 0:03:02]} Nf6 4. e3 c5 {[%clk 0:03:06]} 5. Bxc4
{[%clk 0:03:02]} cxd4 {[%clk 0:03:06]} 6. exd4 {[%clk 0:02:58]} g6
{[%clk 0:03:07]} 7. h3 {[%clk 0:02:52]} Bg7 {[%clk 0:03:07]} 8. Nc3
{[%clk 0:02:51]} O-O {[%clk 0:03:07]} 9. d5 {[%clk 0:02:48]} b5 {[%clk 0:02:55]}
10. Nxb5 {[%clk 0:02:42]} Bb7 {[%clk 0:02:56]} 11. Nc3 {[%clk 0:02:34]} Nbd7
{[%clk 0:02:54]} 12. d6 {[%clk 0:02:22]} Nb6 {[%clk 0:02:33]} 13. Bb3
{[%clk 0:02:23]} Qxd6 {[%clk 0:02:22]} 14. Qxd6 {[%clk 0:02:24]} exd6
{[%clk 0:02:23]} 15. Be3 {[%clk 0:02:25]} Ne4 {[%clk 0:02:16]} 16. Bd4
{[%clk 0:02:07]} Nxc3 {[%clk 0:02:15]} 17. bxc3 {[%clk 0:02:07]} Bxd4
{[%clk 0:02:03]} 18. cxd4 {[%clk 0:02:08]} Rac8 {[%clk 0:01:52]} 19. O-O
{[%clk 0:01:52]} Rc3 {[%clk 0:01:27]} 20. Nh2 {[%clk 0:01:33]} Bd5
{[%clk 0:01:14]} 21. Ng4 {[%clk 0:01:29]} Kg7 {[%clk 0:01:14]} 22. Ne3
{[%clk 0:01:28]} Bxb3 {[%clk 0:00:54]} 23. axb3 {[%clk 0:01:29]} Rxb3
{[%clk 0:00:55]} 24. Rxa7 {[%clk 0:01:29]} Rd3 {[%clk 0:00:51]} 25. Rb1
{[%clk 0:01:23]} Nc8 {[%clk 0:00:45]} 26. Ra4 {[%clk 0:01:03]} Ne7
{[%clk 0:00:43]} 27. Rb6 {[%clk 0:01:00]} Rd8 {[%clk 0:00:40]} 28. g4
{[%clk 0:00:58]} Rd7 {[%clk 0:00:31]} 29. Kf1 {[%clk 0:00:55]} d5
{[%clk 0:00:20]} 30. Ke2 {[%clk 0:00:51]} Rc3 {[%clk 0:00:21]} 31. Rb5
{[%clk 0:00:45]} Rc6 {[%clk 0:00:20]} 32. Kf3 {[%clk 0:00:42]} h6
{[%clk 0:00:20]} 33. Rab4 {[%clk 0:00:41]} Rf6+ {[%clk 0:00:21]} 34. Kg3
{[%clk 0:00:41]} Ra6 {[%clk 0:00:22]} 35. Rb3 {[%clk 0:00:40]} Ra4
{[%clk 0:00:19]} 36. R5b4 {[%clk 0:00:41]} Rxb4 {[%clk 0:00:19]} 37. Rxb4
{[%clk 0:00:42]} Nc6 {[%clk 0:00:19]} 38. Ra4 {[%clk 0:00:43]} Ra7
{[%clk 0:00:15]} 39. Rxa7 {[%clk 0:00:41]} Nxa7 {[%clk 0:00:17]} 40. Kf4
{[%clk 0:00:37]} Nc6 {[%clk 0:00:17]} 41. Nc2 {[%clk 0:00:38]} Kf6
{[%clk 0:00:16]} 42. h4 {[%clk 0:00:38]} g5+ {[%clk 0:00:17]} 43. hxg5+
{[%clk 0:00:39]} hxg5+ {[%clk 0:00:19]} 44. Ke3 {[%clk 0:00:40]} Ke6
{[%clk 0:00:19]} 45. Ne1 {[%clk 0:00:40]} f6 {[%clk 0:00:19]} 46. Nd3
{[%clk 0:00:41]} Kd6 {[%clk 0:00:17]} 47. Nc1 {[%clk 0:00:38]} Ke6
{[%clk 0:00:18]} 48. Nb3 {[%clk 0:00:38]} Kd6 {[%clk 0:00:19]} 49. f4
{[%clk 0:00:38]} gxf4+ {[%clk 0:00:18]} 50. Kxf4 {[%clk 0:00:39]} Ke6
{[%clk 0:00:18]} 51. Nc5+ {[%clk 0:00:39]} Kd6 {[%clk 0:00:19]} 52. Nb3
{[%clk 0:00:40]} Ke6 {[%clk 0:00:20]} 53. Nc5+ Kd6 54. Nb3 Ke5+ 55. Ke4+ 1/2-1/2

[Event "Blitz 2018"]
[Site "Saint-Petersburg"]
[Date "2018.12.30"]
[Round "15"]
[Board "15"]
[White "Kovalenko Igor (LAT)"]
[Black "Maghsoodloo Parham (IRI)"]
[Result "1/2-1/2"]
[LiveChessVersion "1.4.8"]
[BlackElo "2642"]
[WhiteElo "2693"]

1. d4 {[%clk 0:03:03]} Nf6 {[%clk 0:03:02]} 2. Nf3 {[%clk 0:03:04]} g6
{[%clk 0:03:01]} 3. Bf4 {[%clk 0:03:05]} Bg7 {[%clk 0:03:02]} 4. e3
{[%clk 0:03:07]} O-O {[%clk 0:03:01]} 5. h3 {[%clk 0:03:07]} d6 {[%clk 0:03:02]}
6. Be2 {[%clk 0:03:07]} Nbd7 {[%clk 0:03:03]} 7. O-O {[%clk 0:02:59]} b6
{[%clk 0:03:01]} 8. a4 {[%clk 0:03:00]} a5 {[%clk 0:02:55]} 9. Bh2
{[%clk 0:02:53]} Bb7 {[%clk 0:02:55]} 10. c4 {[%clk 0:02:51]} Re8
{[%clk 0:02:38]} 11. Nc3 {[%clk 0:02:52]} e5 {[%clk 0:02:39]} 12. Qc2
{[%clk 0:02:35]} exd4 {[%clk 0:02:28]} 13. exd4 {[%clk 0:02:36]} Ne4
{[%clk 0:02:29]} 14. Rfe1 {[%clk 0:02:28]} Nxc3 {[%clk 0:02:11]} 15. bxc3
{[%clk 0:02:30]} Qf6 {[%clk 0:02:05]} 16. Nd2 {[%clk 0:02:22]} h5
{[%clk 0:02:00]} 17. Bf3 {[%clk 0:02:19]} Bxf3 {[%clk 0:01:58]} 18. Nxf3
{[%clk 0:02:21]} Bh6 {[%clk 0:01:50]} 19. Rad1 {[%clk 0:01:47]} Bf4
{[%clk 0:01:37]} 20. Bxf4 {[%clk 0:01:46]} Qxf4 {[%clk 0:01:38]} 21. Qd3
{[%clk 0:01:38]} Nf6 {[%clk 0:01:37]} 22. g3 {[%clk 0:01:35]} Qh6
{[%clk 0:01:37]} 23. Qb1 {[%clk 0:01:25]} Qf8 {[%clk 0:01:18]} 24. Kf1
{[%clk 0:00:47]} Rxe1+ {[%clk 0:01:16]} 25. Rxe1 {[%clk 0:00:48]} Re8
{[%clk 0:01:17]} 26. Kg2 {[%clk 0:00:28]} Re7 {[%clk 0:01:14]} 27. Nd2
{[%clk 0:00:22]} Qe8 {[%clk 0:01:13]} 28. Rxe7 {[%clk 0:00:22]} Qxe7
{[%clk 0:01:14]} 29. Nf1 {[%clk 0:00:20]} Qe4+ {[%clk 0:01:11]} 30. Qxe4
{[%clk 0:00:21]} Nxe4 {[%clk 0:01:12]} 31. Kf3 {[%clk 0:00:19]} Nxc3
{[%clk 0:01:11]} 32. Ne3 {[%clk 0:00:21]} c6 {[%clk 0:00:51]} 33. d5
{[%clk 0:00:15]} cxd5 {[%clk 0:00:41]} 34. Nxd5 {[%clk 0:00:12]} Nxa4
{[%clk 0:00:34]} 35. Ke3 {[%clk 0:00:12]} Kf8 {[%clk 0:00:35]} 36. h4
{[%clk 0:00:13]} Ke8 {[%clk 0:00:36]} 37. f3 {[%clk 0:00:14]} Kd7
{[%clk 0:00:37]} 38. g4 {[%clk 0:00:15]} Nb2 {[%clk 0:00:21]} 39. Kd4
{[%clk 0:00:14]} a4 {[%clk 0:00:22]} 40. Kc3 {[%clk 0:00:15]} a3 {[%clk 0:00:24]}
41. Kb3 {[%clk 0:00:11]} Nxc4 {[%clk 0:00:22]} 42. gxh5 {[%clk 0:00:12]} gxh5
{[%clk 0:00:22]} 43. Nf6+ {[%clk 0:00:14]} Ke7 {[%clk 0:00:04]} 44. Nxh5
{[%clk 0:00:14]} b5 {[%clk 0:00:05]} 45. Nf4 {[%clk 0:00:16]} Kf6
{[%clk 0:00:07]} 46. Nd5+ {[%clk 0:00:15]} Kg6 {[%clk 0:00:08]} 47. Nc3
{[%clk 0:00:15]} Nd2+ {[%clk 0:00:08]} 48. Kxa3 {[%clk 0:00:16]} Nxf3
{[%clk 0:00:08]} 49. Nxb5 {[%clk 0:00:17]} d5 {[%clk 0:00:09]} 50. Kb4
{[%clk 0:00:14]} Kf5 {[%clk 0:00:08]} 51. Kc5 {[%clk 0:00:15]} Ke5
{[%clk 0:00:10]} 52. h5 {[%clk 0:00:16]} Ng5 {[%clk 0:00:10]} 53. h6
{[%clk 0:00:16]} f5 {[%clk 0:00:10]} 54. Nd4 {[%clk 0:00:16]} Ke4
{[%clk 0:00:11]} 55. Ne2 {[%clk 0:00:13]} Ke5 {[%clk 0:00:08]} 56. Nd4
{[%clk 0:00:13]} Ne4+ {[%clk 0:00:09]} 57. Kc6 {[%clk 0:00:12]} Nf6
{[%clk 0:00:07]} 58. Nf3+ {[%clk 0:00:09]} Ke4 {[%clk 0:00:08]} 59. Ng5+
{[%clk 0:00:09]} Kf4 {[%clk 0:00:06]} 60. Nh3+ {[%clk 0:00:05]} Ke5
{[%clk 0:00:06]} 61. Ng5 {[%clk 0:00:05]} d4 {[%clk 0:00:07]} 62. Kc5
{[%clk 0:00:06]} Kf4 {[%clk 0:00:06]} 63. Ne6+ {[%clk 0:00:07]} Ke5
{[%clk 0:00:06]} 64. Nxd4 {[%clk 0:00:08]} f4 {[%clk 0:00:07]} 1/2-1/2

[Event "Blitz 2018"]
[Site "Saint-Petersburg"]
[Date "2018.12.30"]
[Round "15"]
[Board "17"]
[White "Indjic Aleksandar (SRB)"]
[Black "Guseinov Gadir (AZE)"]
[Result "1-0"]
[LiveChessVersion "1.4.8"]
[BlackElo "2708"]
[WhiteElo "2643"]

1. d4 {[%clk 0:03:01]} g6 {[%clk 0:03:02]} 2. Nf3 {[%clk 0:02:59]} Bg7
{[%clk 0:03:03]} 3. e4 {[%clk 0:03:01]} d6 {[%clk 0:03:05]} 4. Bc4
{[%clk 0:03:01]} Nf6 {[%clk 0:03:05]} 5. Qe2 {[%clk 0:03:02]} O-O
{[%clk 0:03:06]} 6. O-O {[%clk 0:03:01]} c6 {[%clk 0:03:06]} 7. Bb3
{[%clk 0:03:01]} Bg4 {[%clk 0:03:06]} 8. Nbd2 {[%clk 0:03:02]} e5
{[%clk 0:03:04]} 9. dxe5 {[%clk 0:03:01]} dxe5 {[%clk 0:03:05]} 10. h3
{[%clk 0:03:02]} Bxf3 {[%clk 0:03:05]} 11. Nxf3 {[%clk 0:03:02]} Nbd7
{[%clk 0:03:07]} 12. c3 {[%clk 0:03:02]} Qe7 {[%clk 0:03:07]} 13. Bc2
{[%clk 0:02:55]} a5 {[%clk 0:03:04]} 14. a4 {[%clk 0:02:45]} Nh5 {[%clk 0:03:04]}
15. g3 {[%clk 0:02:45]} Nc5 {[%clk 0:02:57]} 16. Kg2 {[%clk 0:02:38]} Rfe8
{[%clk 0:02:40]} 17. b3 {[%clk 0:02:28]} Ne6 {[%clk 0:02:35]} 18. Be3
{[%clk 0:02:23]} Rf8 {[%clk 0:02:13]} 19. Kh2 {[%clk 0:02:21]} Qe8
{[%clk 0:02:08]} 20. Bd3 {[%clk 0:02:06]} Kh8 {[%clk 0:02:06]} 21. Bc4
{[%clk 0:02:04]} Qe7 {[%clk 0:01:44]} 22. Bc1 {[%clk 0:02:02]} Nc5
{[%clk 0:01:30]} 23. Ba3 {[%clk 0:02:01]} b6 {[%clk 0:01:27]} 24. Qe3
{[%clk 0:01:59]} f5 {[%clk 0:01:15]} 25. Rae1 {[%clk 0:01:37]} Rae8
{[%clk 0:01:10]} 26. exf5 {[%clk 0:01:23]} gxf5 {[%clk 0:01:10]} 27. Qg5
{[%clk 0:01:24]} Qxg5 {[%clk 0:00:43]} 28. Nxg5 {[%clk 0:01:25]} Re7
{[%clk 0:00:45]} 29. b4 {[%clk 0:01:19]} axb4 {[%clk 0:00:44]} 30. Bxb4
{[%clk 0:01:17]} h6 {[%clk 0:00:41]} 31. Bxc5 {[%clk 0:01:18]} bxc5
{[%clk 0:00:41]} 32. Ne6 {[%clk 0:01:19]} Ra8 {[%clk 0:00:40]} 33. Nxc5
{[%clk 0:01:19]} Ra5 {[%clk 0:00:35]} 34. Ne6 {[%clk 0:01:00]} Rxa4
{[%clk 0:00:34]} 35. Nxg7 {[%clk 0:00:57]} Kxg7 {[%clk 0:00:31]} 36. Bd3
{[%clk 0:00:51]} e4 {[%clk 0:00:32]} 37. Re3 {[%clk 0:00:49]} Nf6
{[%clk 0:00:30]} 38. c4 {[%clk 0:00:42]} Rd7 {[%clk 0:00:23]} 39. Be2
{[%clk 0:00:41]} Rd2 {[%clk 0:00:23]} 40. Re1 {[%clk 0:00:37]} Raa2
{[%clk 0:00:22]} 41. Kg2 {[%clk 0:00:38]} Kg6 {[%clk 0:00:21]} 42. Kf1
{[%clk 0:00:38]} Nd7 {[%clk 0:00:18]} 43. Rd1 {[%clk 0:00:37]} Rxd1+
{[%clk 0:00:16]} 44. Bxd1 {[%clk 0:00:38]} Ra1 {[%clk 0:00:18]} 45. Re1
{[%clk 0:00:38]} Kf6 {[%clk 0:00:17]} 46. f4 {[%clk 0:00:36]} Nc5
{[%clk 0:00:11]} 47. Be2 {[%clk 0:00:37]} Ra3 {[%clk 0:00:09]} 48. Kg2
{[%clk 0:00:38]} Ra2 {[%clk 0:00:08]} 49. Kf1 {[%clk 0:00:38]} Nb3
{[%clk 0:00:07]} 50. Rd1 {[%clk 0:00:36]} c5 {[%clk 0:00:07]} 51. Rd6+
{[%clk 0:00:37]} Ke7 {[%clk 0:00:08]} 52. Rxh6 {[%clk 0:00:38]} Nd4
{[%clk 0:00:10]} 53. Bh5 {[%clk 0:00:37]} e3 {[%clk 0:00:10]} 54. Rh7+
{[%clk 0:00:35]} Ke6 {[%clk 0:00:11]} 55. Rh8 {[%clk 0:00:36]} Kd7
{[%clk 0:00:10]} 56. Re8 {[%clk 0:00:28]} Ra1+ {[%clk 0:00:10]} 57. Kg2
{[%clk 0:00:29]} e2 {[%clk 0:00:08]} 58. Rxe2 {[%clk 0:00:28]} Nxe2
{[%clk 0:00:09]} 59. Bxe2 {[%clk 0:00:29]} Ra2 {[%clk 0:00:09]} 60. Kf2
{[%clk 0:00:31]} Ke6 {[%clk 0:00:10]} 61. Ke3 {[%clk 0:00:30]} Ra3+
{[%clk 0:00:11]} 62. Bd3 {[%clk 0:00:31]} Ra1 {[%clk 0:00:10]} 63. g4
{[%clk 0:00:31]} fxg4 {[%clk 0:00:08]} 64. hxg4 {[%clk 0:00:33]} Rg1
{[%clk 0:00:09]} 65. g5 {[%clk 0:00:33]} Ke7 {[%clk 0:00:10]} 66. Be2
{[%clk 0:00:32]} Ke6 {[%clk 0:00:10]} 67. Bd3 {[%clk 0:00:32]} Rg3+
{[%clk 0:00:11]} 68. Ke4 {[%clk 0:00:33]} Ke7 {[%clk 0:00:11]} 69. Be2
{[%clk 0:00:33]} Rg2 {[%clk 0:00:11]} 70. Bd3 {[%clk 0:00:18]} Rg3
{[%clk 0:00:13]} 71. Bf1 {[%clk 0:00:18]} Rg1 {[%clk 0:00:13]} 72. Bh3
{[%clk 0:00:18]} Rd1 {[%clk 0:00:14]} 73. Ke5 {[%clk 0:00:16]} Rd3
{[%clk 0:00:09]} 74. Bf5 {[%clk 0:00:16]} Rd4 {[%clk 0:00:08]} 75. Be6
{[%clk 0:00:16]} Rd3 {[%clk 0:00:07]} 76. f5 {[%clk 0:00:17]} Re3+
{[%clk 0:00:07]} 77. Kf4 {[%clk 0:00:17]} Re1 {[%clk 0:00:08]} 78. Bd5
{[%clk 0:00:18]} Kd6 {[%clk 0:00:07]} 79. f6 {[%clk 0:00:17]} Rf1+
{[%clk 0:00:08]} 80. Ke4 {[%clk 0:00:18]} Rf2 {[%clk 0:00:08]} 81. g6
{[%clk 0:00:15]} Kxd5+ 1-0

[Event "Blitz 2018"]
[Site "Saint-Petersburg"]
[Date "2018.12.30"]
[Round "15"]
[Board "18"]
[White "Melkumyan Hrant (ARM)"]
[Black "Hovhannisyan Robert (ARM)"]
[Result "1-0"]
[LiveChessVersion "1.4.8"]
[BlackElo "2588"]
[WhiteElo "2699"]

1. c4 {[%clk 0:03:03]} e5 {[%clk 0:03:03]} 2. Nc3 {[%clk 0:03:04]} Bb4
{[%clk 0:03:04]} 3. Qc2 {[%clk 0:03:05]} Nf6 {[%clk 0:03:04]} 4. Nf3
{[%clk 0:03:06]} d6 {[%clk 0:03:00]} 5. e3 {[%clk 0:03:04]} O-O {[%clk 0:02:57]}
6. Be2 {[%clk 0:02:46]} Bg4 {[%clk 0:02:51]} 7. d3 {[%clk 0:02:22]} Re8
{[%clk 0:02:34]} 8. Bd2 c6 9. O-O {[%clk 0:02:12]} Nbd7 {[%clk 0:02:34]} 10. h3
{[%clk 0:02:06]} Bh5 {[%clk 0:02:29]} 11. a3 {[%clk 0:02:02]} Ba5
{[%clk 0:02:30]} 12. b4 {[%clk 0:02:02]} Bc7 {[%clk 0:02:30]} 13. Rac1
{[%clk 0:01:58]} Rc8 {[%clk 0:01:54]} 14. Qb3 {[%clk 0:01:59]} Nf8
{[%clk 0:01:46]} 15. Rfe1 {[%clk 0:01:57]} a6 {[%clk 0:01:43]} 16. Ne4
{[%clk 0:01:36]} Nxe4 {[%clk 0:01:35]} 17. dxe4 {[%clk 0:01:37]} Bg6
{[%clk 0:01:36]} 18. Qb1 {[%clk 0:01:10]} Ne6 {[%clk 0:01:19]} 19. Bd3
{[%clk 0:01:09]} a5 {[%clk 0:01:17]} 20. Red1 {[%clk 0:01:06]} Qe7
{[%clk 0:01:16]} 21. bxa5 {[%clk 0:01:00]} Nc5 {[%clk 0:01:15]} 22. Bb4
{[%clk 0:01:01]} Bd8 {[%clk 0:00:51]} 23. Bc2 {[%clk 0:00:57]} Ra8
{[%clk 0:00:51]} 24. Rd2 {[%clk 0:00:46]} Bxa5 25. Rcd1 Red8 {[%clk 0:00:43]} 26.
Kh2 {[%clk 0:00:27]} h6 {[%clk 0:00:43]} 27. Ng1 {[%clk 0:00:23]} Bh5
{[%clk 0:00:27]} 28. f3 {[%clk 0:00:20]} Qg5 {[%clk 0:00:21]} 29. Re1
{[%clk 0:00:12]} Kh7 {[%clk 0:00:14]} 30. Qd1 {[%clk 0:00:13]} Qe7
{[%clk 0:00:15]} 31. Ne2 {[%clk 0:00:14]} Bxb4 32. axb4 {[%clk 0:00:15]} Ne6
{[%clk 0:00:14]} 33. Ng3 {[%clk 0:00:16]} Bg6 {[%clk 0:00:15]} 34. Nf5
{[%clk 0:00:17]} Qg5 {[%clk 0:00:07]} 35. Nxd6 {[%clk 0:00:17]} Ra3
{[%clk 0:00:07]} 36. Nf5 {[%clk 0:00:14]} Rxd2 {[%clk 0:00:05]} 37. Qxd2
{[%clk 0:00:16]} Ra2 {[%clk 0:00:06]} 38. Qc3 {[%clk 0:00:13]} Qf6
{[%clk 0:00:06]} 39. Ra1 {[%clk 0:00:14]} Rxa1 {[%clk 0:00:07]} 40. Qxa1
{[%clk 0:00:15]} Bxf5 {[%clk 0:00:06]} 41. exf5 {[%clk 0:00:15]} Nc7
{[%clk 0:00:06]} 42. Be4 {[%clk 0:00:12]} Qd6 {[%clk 0:00:06]} 43. c5
{[%clk 0:00:12]} Qd2 {[%clk 0:00:04]} 44. Qxe5 {[%clk 0:00:11]} Nb5
{[%clk 0:00:04]} 45. f6+ {[%clk 0:00:12]} g6 {[%clk 0:00:04]} 46. Qe7
{[%clk 0:00:10]} Qa2 {[%clk 0:00:03]} 47. Qf8 {[%clk 0:00:11]} 1-0

[Event "Blitz 2018"]
[Site "Saint-Petersburg"]
[Date "2018.12.30"]
[Round "15"]
[Board "19"]
[White "Vitiugov Nikita (RUS)"]
[Black "Ghaem Maghami Ehsan (IRI)"]
[Result "1-0"]
[LiveChessVersion "1.4.8"]
[BlackElo "2582"]
[WhiteElo "2696"]

1. d4 {[%clk 0:03:02]} Nf6 {[%clk 0:03:03]} 2. Bg5 {[%clk 0:03:03]} d5
{[%clk 0:03:04]} 3. e3 {[%clk 0:03:04]} Nbd7 {[%clk 0:03:05]} 4. Bd3
{[%clk 0:03:00]} g6 {[%clk 0:03:05]} 5. c3 {[%clk 0:02:51]} e5 {[%clk 0:03:03]}
6. Nd2 {[%clk 0:02:39]} Bg7 {[%clk 0:02:53]} 7. Ne2 {[%clk 0:02:39]} O-O
{[%clk 0:02:50]} 8. O-O {[%clk 0:02:39]} h6 {[%clk 0:02:41]} 9. Bh4
{[%clk 0:02:39]} Re8 {[%clk 0:02:38]} 10. b4 {[%clk 0:02:29]} c6 {[%clk 0:02:28]}
11. Nb3 {[%clk 0:02:21]} Nb6 {[%clk 0:02:13]} 12. dxe5 {[%clk 0:02:05]} Rxe5
{[%clk 0:02:13]} 13. Ned4 {[%clk 0:02:04]} Re8 {[%clk 0:02:05]} 14. a4
{[%clk 0:01:57]} Nbd7 {[%clk 0:01:54]} 15. c4 {[%clk 0:01:43]} Ne5
{[%clk 0:01:56]} 16. cxd5 {[%clk 0:01:40]} Nxd3 {[%clk 0:01:46]} 17. Qxd3
{[%clk 0:01:40]} Qxd5 {[%clk 0:01:46]} 18. Rac1 {[%clk 0:01:38]} Ng4
{[%clk 0:01:19]} 19. Bg3 {[%clk 0:01:34]} h5 {[%clk 0:01:07]} 20. Rfd1
{[%clk 0:01:27]} a6 {[%clk 0:00:43]} 21. Nc5 {[%clk 0:01:20]} Qd8
{[%clk 0:00:37]} 22. Nf3 {[%clk 0:01:04]} Qxd3 {[%clk 0:00:35]} 23. Rxd3
{[%clk 0:01:01]} a5 {[%clk 0:00:36]} 24. b5 {[%clk 0:00:58]} cxb5
{[%clk 0:00:36]} 25. axb5 a4 26. Nd4 {[%clk 0:00:57]} Bf8 {[%clk 0:00:27]} 27. b6
{[%clk 0:00:46]} Ra5 {[%clk 0:00:23]} 28. Ne4 {[%clk 0:00:39]} Bf5
{[%clk 0:00:12]} 29. Nxf5 {[%clk 0:00:37]} Rxf5 {[%clk 0:00:10]} 30. Nd6
{[%clk 0:00:33]} Rd8 {[%clk 0:00:06]} 31. Rcd1 {[%clk 0:00:13]} Rc5
{[%clk 0:00:06]} 32. h3 {[%clk 0:00:11]} Nf6 {[%clk 0:00:06]} 33. Nxb7
{[%clk 0:00:11]} Rxd3 {[%clk 0:00:07]} 34. Rxd3 {[%clk 0:00:13]} Rc1+
{[%clk 0:00:09]} 35. Kh2 {[%clk 0:00:14]} a3 {[%clk 0:00:08]} 36. Be5
{[%clk 0:00:10]} Ne4 {[%clk 0:00:06]} 37. Rd8 {[%clk 0:00:09]} f6 38. Bd4
{[%clk 0:00:08]} Kf7 {[%clk 0:00:05]} 39. Ra8 {[%clk 0:00:07]} Nxf2
{[%clk 0:00:05]} 40. Nd8+ {[%clk 0:00:08]} Ke7 {[%clk 0:00:04]} 41. b7
{[%clk 0:00:09]} Rb1 {[%clk 0:00:04]} 42. b8=Q {[%clk 0:00:07]} Rxb8
{[%clk 0:00:05]} 43. Nc6+ {[%clk 0:00:07]} Kd7 {[%clk 0:00:06]} 44. Nxb8+
{[%clk 0:00:08]} Ke6 {[%clk 0:00:07]} 45. Nc6 {[%clk 0:00:08]} Bd6+
{[%clk 0:00:06]} 46. Kg1 {[%clk 0:00:09]} Ne4 {[%clk 0:00:06]} 47. Na5
{[%clk 0:00:08]} Kd5 {[%clk 0:00:05]} 48. Nb3 {[%clk 0:00:09]} Kc4
{[%clk 0:00:05]} 49. Nc1 {[%clk 0:00:10]} Bb4 {[%clk 0:00:05]} 50. Rc8+
{[%clk 0:00:10]} Kd5 {[%clk 0:00:05]} 51. Kf1 {[%clk 0:00:10]} f5
{[%clk 0:00:05]} 52. Ke2 {[%clk 0:00:11]} g5 {[%clk 0:00:06]} 53. Kd3
{[%clk 0:00:11]} Nf2+ {[%clk 0:00:06]} 54. Ke2 {[%clk 0:00:12]} Ne4
{[%clk 0:00:08]} 55. Na2 {[%clk 0:00:13]} Bd6 {[%clk 0:00:08]} 56. Nc3+
{[%clk 0:00:13]} Nxc3+ {[%clk 0:00:10]} 57. Bxc3 {[%clk 0:00:14]} g4
{[%clk 0:00:11]} 58. hxg4 hxg4 59. Kd3 {[%clk 0:00:16]} Ke6 {[%clk 0:00:10]} 60.
Ra8 {[%clk 0:00:17]} Kd5 {[%clk 0:00:12]} 61. Bd2 {[%clk 0:00:18]} Kc6
{[%clk 0:00:12]} 62. Bc1 {[%clk 0:00:18]} Kd5 63. Ke4+ 1-0

[Event "Blitz 2018"]
[Site "Saint-Petersburg"]
[Date "2018.12.30"]
[Round "15"]
[Board "20"]
[White "Adly Ahmed (EGY)"]
[Black "Khusnutdinov Rustam (KAZ)"]
[Result "1/2-1/2"]
[LiveChessVersion "1.4.8"]
[BlackElo "2582"]
[WhiteElo "2675"]

1. d4 {[%clk 0:03:03]} Nf6 {[%clk 0:03:03]} 2. Nf3 {[%clk 0:03:03]} d5
{[%clk 0:03:04]} 3. c4 {[%clk 0:03:03]} e6 {[%clk 0:03:05]} 4. g3
{[%clk 0:03:04]} dxc4 {[%clk 0:03:07]} 5. Bg2 {[%clk 0:03:05]} Bd7
{[%clk 0:03:08]} 6. O-O {[%clk 0:03:01]} Bc6 {[%clk 0:03:09]} 7. Qc2
{[%clk 0:02:57]} Nbd7 {[%clk 0:03:09]} 8. Qxc4 {[%clk 0:02:52]} Bd5
{[%clk 0:03:10]} 9. Qc2 {[%clk 0:02:49]} Be4 {[%clk 0:03:11]} 10. Qd1
{[%clk 0:02:49]} c5 {[%clk 0:03:12]} 11. Nc3 {[%clk 0:02:45]} Bc6
{[%clk 0:03:13]} 12. Re1 {[%clk 0:02:39]} cxd4 {[%clk 0:02:55]} 13. Nxd4
{[%clk 0:02:39]} Bxg2 {[%clk 0:02:55]} 14. Kxg2 {[%clk 0:02:40]} Bc5
{[%clk 0:02:54]} 15. Nb3 {[%clk 0:02:35]} Be7 {[%clk 0:02:48]} 16. e4
{[%clk 0:02:33]} Ne5 {[%clk 0:02:44]} 17. Qe2 {[%clk 0:02:26]} Qd3
{[%clk 0:02:33]} 18. Bf4 {[%clk 0:02:25]} Nfd7 {[%clk 0:02:21]} 19. Rad1
{[%clk 0:02:17]} Qxe2 {[%clk 0:02:21]} 20. Rxe2 {[%clk 0:02:19]} g5
{[%clk 0:02:15]} 21. Bc1 {[%clk 0:02:07]} a6 {[%clk 0:02:14]} 22. h3
{[%clk 0:01:50]} O-O-O {[%clk 0:02:07]} 23. Be3 {[%clk 0:01:42]} Nc6
{[%clk 0:01:13]} 24. Rc2 {[%clk 0:01:27]} Nde5 {[%clk 0:01:07]} 25. Rb1
{[%clk 0:01:05]} Kb8 {[%clk 0:01:01]} 26. a3 {[%clk 0:00:59]} Rc8
{[%clk 0:01:00]} 27. Nc5 {[%clk 0:00:52]} Nc4 {[%clk 0:00:53]} 28. N3a4
{[%clk 0:00:41]} Nxe3+ {[%clk 0:00:53]} 29. fxe3 {[%clk 0:00:41]} Ne5
{[%clk 0:00:53]} 30. Rbc1 {[%clk 0:00:38]} Rc6 {[%clk 0:00:49]} 31. Nb3
{[%clk 0:00:31]} Rhc8 {[%clk 0:00:49]} 32. Rxc6 {[%clk 0:00:26]} Rxc6
{[%clk 0:00:30]} 33. Rxc6 {[%clk 0:00:27]} Nxc6 {[%clk 0:00:31]} 34. Kf3
{[%clk 0:00:25]} h6 {[%clk 0:00:31]} 35. Ke2 {[%clk 0:00:25]} Kc7
{[%clk 0:00:32]} 36. Nc3 {[%clk 0:00:25]} Bf6 {[%clk 0:00:33]} 37. Nd1
{[%clk 0:00:26]} Be5 {[%clk 0:00:32]} 38. Kf3 {[%clk 0:00:24]} Kb6
{[%clk 0:00:31]} 39. Nc1 {[%clk 0:00:19]} Bg7 {[%clk 0:00:26]} 40. Nd3
{[%clk 0:00:18]} Ne5+ {[%clk 0:00:27]} 41. Nxe5 {[%clk 0:00:19]} Bxe5
{[%clk 0:00:29]} 42. g4 {[%clk 0:00:20]} 1/2-1/2

[Event "Blitz 2018"]
[Site "Saint-Petersburg"]
[Date "2018.12.30"]
[Round "15"]
[Board "21"]
[White "Inarkiev Ernesto (RUS)"]
[Black "Najer Evgeniy (RUS)"]
[Result "1-0"]
[LiveChessVersion "1.4.8"]
[BlackElo "2573"]
[WhiteElo "2674"]

1. c4 {[%clk 0:03:03]} e5 {[%clk 0:03:03]} 2. Nc3 {[%clk 0:03:05]} Nf6
{[%clk 0:03:04]} 3. Nf3 {[%clk 0:03:05]} Nc6 {[%clk 0:03:06]} 4. e3
{[%clk 0:03:06]} d5 {[%clk 0:03:02]} 5. cxd5 {[%clk 0:03:01]} Nxd5
{[%clk 0:03:03]} 6. Bb5 {[%clk 0:03:02]} Nxc3 {[%clk 0:03:03]} 7. bxc3
{[%clk 0:03:03]} Bd6 {[%clk 0:03:04]} 8. d4 Bd7 9. O-O {[%clk 0:02:37]} O-O
{[%clk 0:03:06]} 10. Rb1 {[%clk 0:02:34]} Re8 {[%clk 0:02:55]} 11. d5
{[%clk 0:02:20]} Na5 {[%clk 0:02:30]} 12. e4 {[%clk 0:02:21]} Bxb5
{[%clk 0:02:14]} 13. Rxb5 {[%clk 0:02:22]} b6 {[%clk 0:02:15]} 14. Be3
{[%clk 0:01:58]} Qd7 {[%clk 0:02:15]} 15. Qe2 {[%clk 0:01:51]} c6
{[%clk 0:02:07]} 16. dxc6 {[%clk 0:01:39]} Qxc6 {[%clk 0:02:07]} 17. Rd1
{[%clk 0:01:40]} Rac8 {[%clk 0:01:43]} 18. Rbd5 {[%clk 0:01:36]} Nb7
{[%clk 0:01:44]} 19. c4 {[%clk 0:01:11]} Qxc4 {[%clk 0:01:37]} 20. Qxc4
{[%clk 0:01:08]} Rxc4 {[%clk 0:01:37]} 21. Rxd6 {[%clk 0:01:09]} Nxd6
{[%clk 0:01:38]} 22. Rxd6 {[%clk 0:01:10]} Rxe4 {[%clk 0:01:39]} 23. Rd7
{[%clk 0:01:06]} Ra4 {[%clk 0:01:35]} 24. Nxe5 {[%clk 0:01:05]} Rxa2
{[%clk 0:01:34]} 25. g4 {[%clk 0:01:04]} f6 {[%clk 0:01:34]} 26. Nc6
{[%clk 0:01:06]} a5 {[%clk 0:00:39]} 27. Ne7+ {[%clk 0:01:00]} Kh8
{[%clk 0:00:19]} 28. Nf5 {[%clk 0:01:01]} Rg8 {[%clk 0:00:18]} 29. Bxb6
{[%clk 0:00:57]} a4 {[%clk 0:00:21]} 30. Bd4 {[%clk 0:00:55]} a3 {[%clk 0:00:10]}
31. Ra7 {[%clk 0:00:57]} Rd8 {[%clk 0:00:09]} 32. g5 {[%clk 0:00:50]} Rd2
{[%clk 0:00:04]} 33. gxf6 {[%clk 0:00:49]} 1-0